Guía práctica para el manejo de unidades de concentración en los procesos industriales /

Detalles Bibliográficos
Autores principales: Flórez Pardo, Luz Marina (Autor), Jurado Rosero, Javier Arturo (Autor), Pizza Londoño, Victoria Eugenia (Autor)
Formato: Electrónico eBook
Lenguaje:español
Publicado: Cali, Valle del Cauca, Colombia : Universidad Autónoma de Occidente, 2024.
Materias:
Acceso en línea:Digitalia Hispánica

MARC

LEADER 00000nam a2200000Ii 4500
001 DIGUAOCCTE0112
003 NyNyDIG
006 m o d
007 cr |||||||||||
008 250417s2024 ck a ob 000 0 spa d
035 |a (OCoLC)1517262432 
040 |a DGITA  |b eng  |e rda  |e pn  |c DGITA 
020 |a 9789586191647  |q pdf 
020 |a 9789586191630  |q ePub 
020 |z 9789586191623  |q impreso 
050 1 4 |a TP155 ebook 
100 1 |a Flórez Pardo, Luz Marina,  |e author. 
245 1 0 |a Guía práctica para el manejo de unidades de concentración en los procesos industriales /  |c autores, Luz Marina Flórez Pardo, Javier Arturo Jurado Rosero, Victoria Eugenia Pizza Londoño. 
264 1 |a Cali, Valle del Cauca, Colombia :  |b Universidad Autónoma de Occidente,  |c 2024. 
300 |a 1 online resource :  |b illustrations. 
336 |a text  |b txt  |2 rdacontent 
337 |a computer  |b c  |2 rdamedia 
338 |a online resource  |b cr  |2 rdacarrier 
347 |a text file  |2 rdaft 
347 |b PDF 
504 |a Includes bibliographical references. 
588 0 |a Online resource; title from PDF title page (Digitalia, viewed April 17, 2025) 
650 0 |a Chemical engineering. 
650 0 |a Manufacturing processes. 
700 1 |a Jurado Rosero, Javier Arturo,  |e author. 
700 1 |a Pizza Londoño, Victoria Eugenia,  |e author. 
776 0 8 |i Print version:  |a Flórez Pardo, Luz Marina.  |t Guía práctica para el manejo de unidades de concentración en los procesos industriales.  |d Cali, Valle del Cauca, Colombia : Universidad Autónoma de Occidente, 2024  |z 9789586191623 
791 2 |a Digitalia (Firm),  |e distributor. 
793 0 |g Digitalia eBook Collection:  |a Universidad Autónoma de Occidente 
856 4 0 |3 Digitalia Hispánica  |u https://www.digitaliapublishing.com/a/171301/ 
910 |a Premium collection: 2025